|
|
|
|
| LEADER |
00000cam a22000004a 4500 |
| 001 |
musev2_1271 |
| 003 |
MdBmJHUP |
| 005 |
20230905040208.0 |
| 006 |
m o d |
| 007 |
cr||||||||nn|n |
| 008 |
060214s2006 pau o 00 0 eng d |
| 010 |
|
|
|z 2006005241
|
| 020 |
|
|
|a 9780827610132
|
| 020 |
|
|
|z 0827608314
|
| 020 |
|
|
|z 9780827608313
|
| 020 |
|
|
|z 0827610130
|
| 035 |
|
|
|a (OCoLC)698163010
|
| 040 |
|
|
|a MdBmJHUP
|c MdBmJHUP
|
| 050 |
0 |
4 |
|a BM724
|b .H36 2006
|
| 082 |
0 |
|
|a 296.7/2
|2 22
|
| 100 |
1 |
|
|a Hammer, Jill.
|
| 245 |
1 |
4 |
|a The Jewish Book of Days :
|b a companion for all seasons /
|c Jill Hammer.
|
| 250 |
|
|
|a 1st ed.
|
| 264 |
|
1 |
|a Philadelphia :
|b Jewish Publication Society,
|c 2006.
|
| 264 |
|
3 |
|a Baltimore, Md. :
|b Project MUSE,
|c 2012
|
| 264 |
|
4 |
|c ©2006.
|
| 300 |
|
|
|a 1 online resource:
|b ill. ;
|
| 336 |
|
|
|a text
|b txt
|2 rdacontent
|
| 337 |
|
|
|a computer
|b c
|2 rdamedia
|
| 338 |
|
|
|a online resource
|b cr
|2 rdacarrier
|
| 504 |
|
|
|a Includes bibliographical references (p. 432-434) and index.
|
| 505 |
0 |
|
|a The seed : 1 Tishrei to 14 Cheshvan -- The root : 15 Heshvan to 30 Kislev -- The branch : 1 Tevet to 14 Shevat -- The sap : 15 Shevat to 29 Adar -- The bud : 1 Nisan to 14 Iyar -- The leaf : 15 Iyar to 30 Sivan -- The flower : 1 Tammuz to 14 Av -- The fruit : 15 Av to 29 Elul.
|
| 588 |
|
|
|a Description based on print version record.
|
| 650 |
|
0 |
|a Days.
|
| 650 |
|
0 |
|a Presence of God.
|
| 650 |
|
0 |
|a Midrash.
|
| 650 |
|
0 |
|a Jewish calendar.
|
| 650 |
|
0 |
|a Nature
|x Religious aspects
|x Judaism.
|
| 650 |
|
0 |
|a Seasons
|x Religious aspects
|x Judaism.
|
| 650 |
|
0 |
|a Spiritual life
|x Judaism.
|
| 655 |
|
7 |
|a Electronic books.
|2 local
|
| 710 |
2 |
|
|a Project Muse.
|e distributor
|
| 830 |
|
0 |
|a Book collections on Project MUSE.
|
| 856 |
4 |
0 |
|z Texto completo
|u https://projectmuse.uam.elogim.com/book/1271/
|
| 945 |
|
|
|a Project MUSE - Custom Collection
|
| 945 |
|
|
|a Project MUSE - Archive Complete Foundation
|
| 945 |
|
|
|a Project MUSE - Archive Philosophy and Religion Foundation
|
| 945 |
|
|
|a Project MUSE - Archive Jewish Studies Foundation
|